000 01219nem0a2200313 4500
001 RU\NLR\cart\3736
005 20250617203953.0
010 _a5-329-01280-5
035 _a(NLR Aleph) 004273847
090 _a2284674
_c2284674
100 _a20060110d2005 |||y0rusy50 ca
101 0 _arus
102 _aRU
120 _abaa xx||
123 2 _aa
_b220 000 000
_b30 000
200 1 _aАтлас мира
_bКарты
_fСост. и подгот. к изд. ПКО "Картография" Роскартографии в 2001 г.
_gГл. ред.: Г.В. Поздняк, Н.Н. Полункина
205 _aИспр. в 2003 г.
206 _aМ-бы разные
210 _aМ.
_cПКО "Картография"
_cОНИКС 21 век
_d2005
215 _a1 атл. (184 с.)
_cцв., табл., ил., указ.
_d29х23 см
509 0 1 _7ca
_aМир
_92633185
_3RU\NLR\auth_crt\551
606 0 _aПолитико-административные
_92178088
_3RU\NLR\auth_crt\66170
702 1 _aПоздняк
_bГ. В.
_4340
702 1 _aПолункина
_bН. Н.
_4340
801 0 _aRU
_bNLR
_c20060110
_gPSBO
852 _aNLR
_bК
_j4-Мир 6/3888
_m05-67
_t05-67а
942 _cMAP
980 _aNB